00355nam a2200121Ia 4500008004100000245009200041260001700133260000900150300000900159650002300168650001200191856003000203170516s9999 xx 000 0 und d aUltrasound-Mediated Gene and Drug Delivery Using a Microbubble-Liposome Particle System bTheranostics c2014 a4:11 xMedical Technology xMedtech uhttp://www.thno.org/v4i11